Frontières des pays #1 - Statistiques

Statistiques générales
  • Ce quiz a été pris 113 fois
  • Le résultat moyen est 24 sur 30
Statistiques - réponses
Pays Frontières % Correct
Bolivie Argentine
95%
Bolivie Brésil
95%
Croatie Slovénie
95%
Bolivie Chili
94%
Bolivie Paraguay
94%
Bolivie Pérou
94%
Slovaquie Autriche
91%
Croatie Bosnie-Herzégovine
90%
Croatie Hongrie
90%
Slovaquie Hongrie
90%
Croatie Serbie
88%
Tadjikistan Ouzbékistan
87%
Slovaquie République Tchèque
87%
Slovaquie Pologne
86%
Burundi République démocratique du Congo
78%
Burundi Tanzanie
78%
Kenya Tanzanie
78%
Burundi Rwanda
77%
Kenya Somalie
77%
Croatie Monténégro
76%
Tadjikistan Turkménistan
76%
Tadjikistan Afghanistan
74%
Kenya Ouganda
74%
Tadjikistan Pakistan
73%
Slovaquie Ukraine
73%
Kenya Éthiopie
72%
Tadjikistan Chine
70%
Kenya Soudan du Sud
70%
Burundi Zambie
59%
Burundi Malawi
57%
Aucun quiz correspondant
Distribution des résultats
% des personnes avec chaque résultat
Percentile par nombre de réponses
Votre historique - résultats
Vous n’avez pas pris ce quiz